000 00572nam a2200181Ia 4500
003 GCL
008 140319s9999 xx 000 0 ara d
040 _aGCL /
_cGCL
082 0 4 _a658.8
_bص ا
100 1 _aصلاح الشنوانى
245 1 0 _aالادارة التسويقية الحديثة : المفهوم والاستراتيجية /
_cصلاح الشنوانى
260 _a[S.N] :
_bمؤسسة شباب الجامعة ،
_c1990
300 _a424 ص
490 _a
650 0 4 _aالتسويق
650 0 4 _aالتسويق - ادارة
942 _2ddc
_cBK
999 _c59110
_d59110